guess the flag - Statistics

General Stats
  • This quiz has been taken 27 times
  • The average score is 4 of 5
Answer Stats
Picture Answer % Correct
spain
95%
finland
89%
turky
89%
usa
89%
portigal
16%
No matching quizzes found
Score Distribution
Percent of People with Each Score
Percentile by Number Answered
Your Score History
You have not taken this quiz